书目信息 |
| 题名: |
考博英语听力与模拟试题详解
|
|
| 作者: | 索玉柱 编著 | |
| 分册: | ||
| 出版信息: | 北京 北京大学出版社 2002.12 |
|
| 页数: | 236页 | |
| 开本: | 26cm | |
| 丛书名: | 新编博士生入学考试英语应试指导丛书 | |
| 单 册: | ||
| 中图分类: | H31 , H319.9 | |
| 科图分类: | ||
| 主题词: | 英语--ying yu--研究生--入学考试--自学参考资料 | |
| 电子资源: | ||
| ISBN: | 7-301-05948-5 | |
| 000 | 01235nam 2200277 450 | |
| 001 | G012002002587 | |
| 005 | 20031023081635.0 | |
| 010 | @a7-301-05948-5@d23.00CNY | |
| 099 | @aCAL 012003014092 | |
| 100 | @a20030121d2002 ekmy0chiy0121 ea | |
| 101 | 0 | @achi |
| 102 | @aCN@b110000 | |
| 105 | @ay q 000yy | |
| 200 | 1 | @a考博英语听力与模拟试题详解@Akao bo ying yu ting li yu mo ni shi ti xiang jie@f索玉柱编著 |
| 210 | @a北京@c北京大学出版社@d2002.12 | |
| 215 | @a236页@d26cm | |
| 225 | 2 | @a新编博士生入学考试英语应试指导丛书@Axin bian bo shi sheng ru xue kao shi ying yu ying shi zhi dao cong shu@v1 |
| 300 | @a附北大清华近年全真试题 | |
| 330 | @a本书从考生的角度出发,综合考博英语的种种情况,详细而透彻地分析考博英语听力特点与难度,给出相应对策和解题技巧,有针对性地设计了若干套听力专项训练;精心制作了五套模拟试题,附有北大清华等名高校近年全真试题;对试题作了细致讲解。全书体系严谨,分析讲解恰到好处,反映出作者的英语实力与教学水平。 | |
| 410 | 0 | @12001 @a新编博士生入学考试英语应试指导丛书 |
| 461 | 0 | @12001 @a新编博士生入学考试英语应试指导丛书 |
| 606 | 0 | @a英语@Aying yu@x研究生@x入学考试@j自学参考资料 |
| 690 | @aH31@v4 | |
| 690 | @aH319.9@v4 | |
| 701 | 0 | @a索玉柱@Asuo yu zhu@4编著 |
| 905 | @a10447@dH31@eS9971 | |
| 考博英语听力与模拟试题详解/索玉柱编著.-北京:北京大学出版社,2002.12 |
| 236页;26cm.-(新编博士生入学考试英语应试指导丛书;1) |
| 附北大清华近年全真试题 |
| ISBN 7-301-05948-5:23.00CNY |
| 本书从考生的角度出发,综合考博英语的种种情况,详细而透彻地分析考博英语听力特点与难度,给出相应对策和解题技巧,有针对性地设计了若干套听力专项训练;精心制作了五套模拟试题,附有北大清华等名高校近年全真试题;对试题作了细致讲解。全书体系严谨,分析讲解恰到好处,反映出作者的英语实力与教学水平。 |
| ● |
| 相关链接 |
|
|
|
正题名:考博英语听力与模拟试题详解
索取号:H31/S9971
 
预约/预借
| 序号 | 登录号 | 条形码 | 馆藏地/架位号 | 状态 | 备注 |
| 1 | 551087 | 205510874 | 语言库209/209语言库 108排1列3层/ [索取号:H31/S9971] | 在馆 | |
| 2 | 551088 | 205510883 | 语言库209/209语言库 108排1列3层/ [索取号:H31/S9971] | 在馆 |